[Event "Quebec op U2000"]
[Site "Laval CAN"]
[Date "2022.09.02"]
[Round "3.24"]
[White "Forget, Luc"]
[Black "Sekki, Abderaouf"]
[Result "1-0"]
[WhiteElo "1905"]
[BlackElo "1951"]
[PlyCount "171"]
[EventDate "2022.09.01"]
[EventType "swiss"]
[EventRounds "9"]
[EventCountry "CAN"]

1. d4 f5 2. c4 Nf6 3. Nf3 e6 4. g3 Be7 5. Bg2 O-O 6. O-O Ne4 7. Nc3 Nxc3 8.
bxc3 d6 9. a4 Nc6 10. a5 e5 11. d5 Nb8 12. c5 Nd7 13. cxd6 Bxd6 14. Ba3 Qe7 15.
Qb3 Kh8 16. Bb4 Nc5 17. Qc4 Ne4 18. Rfd1 Bd7 19. Nh4 Nf6 20. Bxd6 Qxd6 21. Qb4
e4 22. Bf1 g5 23. Ng2 Ng4 24. Qxd6 cxd6 25. Rab1 Rab8 26. Rd4 Rfc8 27. Rb3 Rc5
28. f3 Nf6 29. c4 Rxa5 30. Rd2 b6 31. h4 h6 32. hxg5 hxg5 33. f4 g4 34. e3 Kg7
35. Rdb2 Rc8 36. Ne1 Rcc5 37. Nc2 Ba4 38. Nd4 Bxb3 39. Nxb3 Ra3 40. Nxc5 dxc5
41. Kf2 Kf7 42. Be2 Ke7 43. Rb1 Ne8 44. Rh1 Nf6 45. Rh8 a5 46. Rb8 Rb3 47. Rb7+
Nd7 48. Ra7 Rb1 49. Bf1 Rc1 50. Be2 Kd6 51. Ra6 Ra1 52. Bf1 a4 53. Be2 a3 54.
Bf1 a2 55. Be2 Kc7 56. Ra7+ Kb8 57. Ra6 Kb7 58. Ra4 Nb8 59. Kg2 Na6 60. Bxg4
fxg4 61. f5 Nb8 62. f6 Nd7 63. f7 Rc1 64. Rxa2 Rxc4 65. Rf2 Rc3 66. f8=Q Nxf8
67. Rxf8 Rxe3 68. Rf7+ Kc8 69. Rf6 Kc7 70. Rg6 c4 71. Rc6+ Kd7 72. Rxc4 Kd6 73.
Rc6+ Kxd5 74. Rxb6 Ra3 75. Rg6 Ra2+ 76. Kf1 Kd4 77. Rxg4 Kd3 78. Rg8 Ra1+ 79.
Kg2 Ke2 80. Rb8 e3 81. Rb2+ Ke1 82. Kf3 e2 83. Rxe2+ Kf1 84. g4 Ra5 85. Rb2
Ra3+ 86. Kf4 1-0

[Event "Quebec op U2000"]
[Site "Laval CAN"]
[Date "2022.09.02"]
[Round "3.25"]
[White "Laughlin, Braden"]
[Black "Di Matteo, Alessio"]
[Result "1-0"]
[WhiteElo "1879"]
[BlackElo "1909"]
[PlyCount "69"]
[EventDate "2022.09.01"]
[EventType "swiss"]
[EventRounds "9"]
[EventCountry "CAN"]

1. e4 e6 2. d4 d5 3. Nc3 Bb4 4. e5 c5 5. a3 Bxc3+ 6. bxc3 Ne7 7. Qg4 Qc7 8. Bd3
cxd4 9. Ne2 Nbc6 10. cxd4 Bd7 11. O-O g6 12. Bg5 O-O-O 13. Qh4 Rde8 14. Bf6
Rhg8 15. Qxh7 Ref8 16. g4 Kb8 17. Rfb1 Nc8 18. Qh3 Na5 19. Rb2 Nc4 20. Bxc4
dxc4 21. d5 exd5 22. Nd4 Qc5 23. c3 Nb6 24. a4 Qc8 25. Nb5 Bxg4 26. Qg3 Qe6 27.
a5 Na8 28. Nd4 Qc8 29. e6+ Nc7 30. Qxg4 fxe6 31. Be5 Ka8 32. Rab1 Na6 33. Rxb7
Qc5 34. Qxe6 Rd8 35. Qc6 1-0

[Event "Quebec op U2000"]
[Site "Laval CAN"]
[Date "2022.09.02"]
[Round "3.26"]
[White "Deschamps, Martin"]
[Black "Mangahas, Ronald"]
[Result "0-1"]
[WhiteElo "1864"]
[BlackElo "1842"]
[PlyCount "98"]
[EventDate "2022.09.01"]
[EventType "swiss"]
[EventRounds "9"]
[EventCountry "CAN"]

1. c4 g6 2. Nc3 Bg7 3. g3 Nf6 4. Bg2 O-O 5. Nf3 d6 6. d4 Nbd7 7. O-O Re8 8. e4
e5 9. d5 Nc5 10. Bg5 a5 11. Re1 Bd7 12. Qd2 Qc8 13. Bh6 Bg4 14. Bxg7 Kxg7 15.
Nh4 h6 16. f4 Bh3 17. f5 Bxg2 18. Kxg2 Qd7 19. Re2 g5 20. Nf3 Kh7 21. h3 Rg8
22. Rh1 Qe7 23. g4 Rg7 24. Kf1 Rh8 25. h4 gxh4 26. Rxh4 Kg8 27. g5 hxg5 28.
Rxh8+ Kxh8 29. Nxg5 Nh5 30. Rg2 Nf4 31. Rh2+ Kg8 32. Nf3 Qf6 33. Qf2 Rg4 34.
Rh1 Rg2 35. Rg1 Rxg1+ 36. Qxg1+ Kf8 37. Ng5 Qh6 38. b3 f6 39. Ne6+ Ncxe6 40.
dxe6 Qh3+ 41. Kf2 Qxc3 42. e7+ Kxe7 43. Qg7+ Kd8 44. Qxf6+ Kd7 45. Qg7+ Kc6 46.
f6 Qd2+ 47. Kg1 Qe1+ 48. Kh2 Qf2+ 49. Kh1 Nh5 0-1

[Event "Quebec op U2000"]
[Site "Laval CAN"]
[Date "2022.09.02"]
[Round "3.27"]
[White "Wang, Rachel"]
[Black "Arsenault, Alexis"]
[Result "1-0"]
[WhiteElo "1726"]
[BlackElo "1554"]
[PlyCount "59"]
[EventDate "2022.09.01"]
[EventType "swiss"]
[EventRounds "9"]
[EventCountry "CAN"]

1. d4 Nf6 2. c4 c6 3. Nf3 d5 4. e3 e6 5. b3 Nbd7 6. Bb2 Ne4 7. Nbd2 Bb4 8. a3
Bxd2+ 9. Nxd2 f5 10. Nxe4 fxe4 11. Qh5+ g6 12. Qh6 Qe7 13. Be2 Qf8 14. Qh3 Qf7
15. O-O Nf6 16. f3 Qg7 17. Qg3 exf3 18. Bxf3 O-O 19. Rfe1 Bd7 20. e4 dxe4 21.
Bxe4 Nxe4 22. Rxe4 Qf7 23. Rae1 Rae8 24. Bc3 Qf5 25. Bb4 Rf7 26. Bd6 b6 27. Rf4
Qc2 28. Rxf7 Kxf7 29. Rf1+ Kg8 30. Qf4 1-0

[Event "Quebec op U2000"]
[Site "Laval CAN"]
[Date "2022.09.02"]
[Round "3.28"]
[White "Page, Denis"]
[Black "Brassard, Sylvain"]
[Result "0-1"]
[WhiteElo "1637"]
[BlackElo "1694"]
[PlyCount "56"]
[EventDate "2022.09.01"]
[EventType "swiss"]
[EventRounds "9"]
[EventCountry "CAN"]

1. e4 d5 2. exd5 Qxd5 3. Nc3 Qd6 4. Nf3 a6 5. d4 Nf6 6. Be2 Bf5 7. Bg5 Nc6 8.
Qd2 O-O-O 9. O-O-O Ne4 10. Nxe4 Bxe4 11. Bf4 Qg6 12. Ne5 Nxe5 13. Bxe5 f6 14.
Bf4 e5 15. Bg3 Rxd4 16. Bd3 Bxd3 17. cxd3 Bb4 18. Qe2 Rhd8 19. Kc2 Qe8 20. f4
Qa4+ 21. Kb1 e4 22. b3 Qd7 23. Qe3 Re8 24. Bf2 Rxd3 25. Rxd3 Qxd3+ 26. Qxd3
exd3 27. Kc1 Re2 28. Bd4 d2+ 0-1

[Event "Quebec op U2000"]
[Site "Laval CAN"]
[Date "2022.09.02"]
[Round "3.29"]
[White "Liu, Kevin"]
[Black "Moisescu, George"]
[Result "1/2-1/2"]
[WhiteElo "1809"]
[BlackElo "1706"]
[PlyCount "77"]
[EventDate "2022.09.01"]
[EventType "swiss"]
[EventRounds "9"]
[EventCountry "CAN"]

1. c4 c5 2. g3 e6 3. Bg2 Nf6 4. e4 Nc6 5. Nc3 Be7 6. f4 e5 7. f5 d6 8. d3 Bd7
9. Nf3 h6 10. Nd5 Nxd5 11. cxd5 Nd4 12. Nxd4 cxd4 13. O-O Bg5 14. h4 Bxc1 15.
Rxc1 Rc8 16. Rxc8 Qxc8 17. f6 g6 18. Qd2 Bg4 19. Rc1 Qb8 20. Kh2 Bd7 21. Bh3
Bxh3 22. Kxh3 Kd7 23. Rc4 h5 24. Qc2 Rc8 25. Kg2 Rxc4 26. Qxc4 a6 27. Qa4+ Kd8
28. Qa5+ Qc7 29. Qd2 Kd7 30. g4 hxg4 31. Kg3 Qd8 32. Qf2 Qh8 33. Kxg4 Qh5+ 34.
Kg3 Qd1 35. Qf3 Qxf3+ 36. Kxf3 Ke8 37. Kg4 Kf8 38. Kg5 Kg8 39. h5 1/2-1/2

[Event "Quebec op U2000"]
[Site "Laval CAN"]
[Date "2022.09.02"]
[Round "3.30"]
[White "Sarra-Bournet, Marc"]
[Black "Adulfo, Vincent Angel"]
[Result "0-1"]
[WhiteElo "1781"]
[BlackElo "1654"]
[PlyCount "88"]
[EventDate "2022.09.01"]
[EventType "swiss"]
[EventRounds "9"]
[EventCountry "CAN"]

1. e4 c5 2. Nc3 e6 3. f4 Nc6 4. Nf3 a6 5. a4 g6 6. Bc4 Bg7 7. f5 Ne5 8. Nxe5
Bxe5 9. Qf3 Qh4+ 10. g3 Qe7 11. O-O gxf5 12. d3 h5 13. exf5 d6 14. fxe6 Bxe6
15. Nd5 Bd4+ 16. Kg2 Bxd5 17. Bxd5 O-O-O 18. c3 Bf6 19. Bf4 h4 20. Rfe1 Qd7 21.
g4 Nh6 22. Bxh6 Rxh6 23. Be4 Kb8 24. h3 Be5 25. Bf5 Qc7 26. Qe3 Rhh8 27. d4 Bf6
28. Qf4 Qb6 29. Rab1 cxd4 30. Be4 Be5 31. Qd2 Rc8 32. Red1 f5 33. gxf5 Rhg8+
34. Kh1 Rg3 35. cxd4 Rxh3+ 36. Kg2 Rh2+ 37. Kf1 Rxd2 38. Rxd2 Bxd4 39. b4 Rg8
40. Ke2 Rg3 41. Bd5 Be5 42. Bf3 Qc7 43. Bd5 Qc3 44. b5 Qe3+ 0-1

[Event "Quebec op U2000"]
[Site "Laval CAN"]
[Date "2022.09.02"]
[Round "3.31"]
[White "Guan, Daniel"]
[Black "Joanis, Marc-Andre"]
[Result "0-1"]
[WhiteElo "985"]
[BlackElo "1780"]
[PlyCount "74"]
[EventDate "2022.09.01"]
[EventType "swiss"]
[EventRounds "9"]
[EventCountry "CAN"]

1. d4 Nf6 2. c4 e6 3. Nc3 Bb4 4. Qc2 Nc6 5. Nf3 d6 6. e3 O-O 7. Be2 e5 8. dxe5
dxe5 9. O-O Bxc3 10. Qxc3 Qe7 11. Rd1 Bg4 12. h3 Bh5 13. b3 e4 14. Nd4 Nxd4 15.
Bxh5 Nxh5 16. Rxd4 Rad8 17. Bb2 c5 18. Rd5 Nf6 19. Rad1 b6 20. Kf1 Rxd5 21.
Rxd5 Rd8 22. Rd2 Rxd2 23. Qxd2 Qd7 24. Ke2 Qxd2+ 25. Kxd2 Nd7 26. a3 f5 27. Bc3
Kf7 28. Ke2 g6 29. Kd2 Ke6 30. Bg7 g5 31. g3 h5 32. Kc2 Nb8 33. Bc3 Nc6 34. Kd2
Ne7 35. Ke2 Ng6 36. Bb2 f4 37. exf4 gxf4 0-1

[Event "Quebec op U2000"]
[Site "Laval CAN"]
[Date "2022.09.02"]
[Round "3.32"]
[White "Moses, Neil"]
[Black "Morales, Al"]
[Result "1-0"]
[WhiteElo "1485"]
[BlackElo "1753"]
[PlyCount "89"]
[EventDate "2022.09.01"]
[EventType "swiss"]
[EventRounds "9"]
[EventCountry "CAN"]

1. Nf3 d5 2. c4 c6 3. d4 Nf6 4. Nc3 dxc4 5. a4 Bf5 6. e3 e6 7. Bxc4 Bb4 8. Bd2
c5 9. Qb3 a5 10. dxc5 Nbd7 11. Bb5 O-O 12. c6 bxc6 13. Bxc6 Nc5 14. Qa2 Nd3+
15. Ke2 Rc8 16. Bb5 Ng4 17. Rhf1 Nc5 18. h3 Bd3+ 19. Bxd3 Qxd3+ 20. Ke1 Nf6 21.
Ne5 Qd6 22. Nc4 Nd3+ 23. Ke2 Qa6 24. b3 Rfd8 25. Rad1 Ne5 26. Nb5 Nc6 27. Bxb4
Nxb4 28. Qb2 Nfd5 29. Rd2 Nc6 30. Rfd1 Na7 31. Nxa7 Qxa7 32. e4 Nf4+ 33. Kf3
Rxd2 34. Qxd2 Ng6 35. Qxa5 Qb8 36. Ne3 Qf4+ 37. Ke2 Qxe4 38. Rd8+ Rxd8 39.
Qxd8+ Nf8 40. a5 Qb1 41. Kf3 f5 42. Qa8 Qxb3 43. a6 g5 44. a7 Qa4 45. Qb7 1-0

[Event "Quebec op U2000"]
[Site "Laval CAN"]
[Date "2022.09.02"]
[Round "3.34"]
[White "Zhang, Michelle"]
[Black "Sonko, Babacar"]
[Result "0-1"]
[WhiteElo "1729"]
[BlackElo "1653"]
[PlyCount "142"]
[EventDate "2022.09.01"]
[EventType "swiss"]
[EventRounds "9"]
[EventCountry "CAN"]

1. e4 e5 2. Nf3 Nc6 3. Bc4 Nf6 4. d3 Bc5 5. Nc3 d6 6. h3 O-O 7. Bg5 h6 8. Bh4
g5 9. Nxg5 hxg5 10. Bxg5 Be6 11. Qf3 Kg7 12. O-O-O Nd4 13. Qg3 c6 14. Be3+ Kh8
15. Qh4+ Nh7 16. Qh5 Qf6 17. Bxe6 Qxe6 18. Qg4 f5 19. exf5 Qxf5 20. Qxf5 Rxf5
21. Kb1 d5 22. Na4 Bd6 23. f4 Ne6 24. g4 Rf6 25. f5 d4 26. fxe6 dxe3 27. h4
Rxe6 28. g5 Rf8 29. Nc3 Bb4 30. Rdg1 Rg6 31. Kc1 Bxc3 32. bxc3 Rf2 33. Rf1 Rg8
34. Rxf2 exf2 35. Rf1 Rf8 36. g6 Ng5 37. hxg5 Kg7 38. Kd2 Kxg6 39. Ke3 Kxg5 40.
Rxf2 Rxf2 41. Kxf2 Kf4 42. Ke2 c5 43. a4 a5 44. Kf2 e4 45. d4 e3+ 46. Ke2 Ke4
47. d5 Kxd5 48. Kxe3 Kc4 49. Ke4 b5 50. axb5 Kxb5 51. Kd3 a4 52. Kd2 Kc4 53.
Kc1 Kxc3 54. Kb1 c4 55. Kc1 a3 56. Kb1 Kd2 57. Ka2 Kxc2 58. Kxa3 c3 59. Ka4 Kb2
60. Kb5 c2 61. Kc6 c1=Q+ 62. Kd6 Qc4 63. Ke5 Kc3 64. Kf5 Qd4 65. Kg6 Qf4 66.
Kg7 Kd4 67. Kg6 Ke5 68. Kh7 Qg4 69. Kh6 Kf5 70. Kh7 Kf6 71. Kh8 Qg7# 0-1

[Event "Quebec op U2000"]
[Site "Laval CAN"]
[Date "2022.09.02"]
[Round "3.35"]
[White "Giroux, Robert"]
[Black "Servant, Michel"]
[Result "1-0"]
[WhiteElo "1977"]
[BlackElo "1656"]
[PlyCount "55"]
[EventDate "2022.09.01"]
[EventType "swiss"]
[EventRounds "9"]
[EventCountry "CAN"]

1. d4 d5 2. c4 c6 3. Nf3 Nf6 4. Nc3 Bf5 5. e3 e6 6. Nh4 Be4 7. f3 Bg6 8. Nxg6
hxg6 9. g3 Bd6 10. f4 dxc4 11. Bxc4 b5 12. Bd3 Bb4 13. a3 Ba5 14. b4 Bc7 15.
Bd2 Nbd7 16. Qf3 Nd5 17. e4 Ne7 18. d5 a6 19. dxe6 fxe6 20. Ke2 e5 21. Rad1 Rf8
22. f5 c5 23. Bg5 Qc8 24. Bxe7 Kxe7 25. Nd5+ Ke8 26. Qg4 gxf5 27. Qxg7 c4 28.
Qe7# 1-0

[Event "Quebec op U2000"]
[Site "Laval CAN"]
[Date "2022.09.02"]
[Round "3.36"]
[White "Cloutier, Jean-Pierre"]
[Black "Morin-Pare, Victor"]
[Result "0-1"]
[WhiteElo "1714"]
[BlackElo "1912"]
[PlyCount "68"]
[EventDate "2022.09.01"]
[EventType "swiss"]
[EventRounds "9"]
[EventCountry "CAN"]

1. d4 Nf6 2. Bf4 d5 3. Nf3 e6 4. e3 c5 5. c3 Bd6 6. Bg3 O-O 7. Nbd2 Qc7 8. Bd3
Nbd7 9. O-O Bxg3 10. hxg3 e5 11. dxe5 Nxe5 12. Nxe5 Qxe5 13. Nf3 Qc7 14. a4 Bg4
15. Qc2 Rfd8 16. Rac1 g6 17. Qb1 Rac8 18. b4 Nd7 19. c4 Bxf3 20. gxf3 Ne5 21.
Kg2 dxc4 22. Bxc4 Qc6 23. e4 Qxa4 24. Bd5 cxb4 25. Bxb7 Rxc1 26. Rxc1 Qa3 27.
Bd5 Qxf3+ 28. Kg1 Nd3 29. Rf1 h5 30. Qa2 h4 31. Qa5 Rxd5 32. Qxd5 h3 33. Qd8+
Kg7 34. Qd4+ Kh7 0-1

[Event "Quebec op U2000"]
[Site "Laval CAN"]
[Date "2022.09.02"]
[Round "3.37"]
[White "Fumey, Enyonam Sewa"]
[Black "Vaillant, Charles-Etienne"]
[Result "1-0"]
[WhiteElo "1825"]
[BlackElo "1452"]
[PlyCount "135"]
[EventDate "2022.09.01"]
[EventType "swiss"]
[EventRounds "9"]
[EventCountry "CAN"]

1. e4 c5 2. Nf3 e6 3. c3 Nf6 4. Qc2 d5 5. e5 Nfd7 6. d4 Qc7 7. Bd3 cxd4 8. cxd4
Qxc2 9. Bxc2 b5 10. Nc3 a6 11. O-O Nc6 12. a3 Be7 13. Bd2 f6 14. Rfe1 fxe5 15.
dxe5 O-O 16. Bb3 Nb6 17. Rad1 Rxf3 18. gxf3 Nd4 19. Be3 Nxf3+ 20. Kf1 Nxe1 21.
Bxb6 Nf3 22. Nxd5 Bg5 23. Nc7 Rb8 24. Nxe6 Bxe6 25. Bxe6+ Kh8 26. Bc7 Rf8 27.
Bd6 Rd8 28. Rd5 Bf4 29. Rc5 Nd2+ 30. Kg2 Ne4 31. Rc6 Nxd6 32. exd6 Bxd6 33.
Rxa6 b4 34. a4 Be5 35. b3 g6 36. Ra7 Re8 37. Bc4 Bd6 38. Rd7 Bc5 39. h3 Re7 40.
Rd5 Rc7 41. a5 Be7 42. a6 Ra7 43. Ra5 Kg7 44. Bd5 Kf6 45. Bb7 Ke6 46. Ra2 Bf6
47. Rd2 Bc3 48. Rd3 Kf6 49. Kf3 Kg5 50. Ke4 Kh4 51. Kd5 Be1 52. Rf3 Bc3 53. Kc6
Kh5 54. Rf4 g5 55. Rc4 Be1 56. f4 gxf4 57. Rxf4 Kg5 58. Rg4+ Kf5 59. Rg7 Kf4
60. Rxh7 Bc3 61. Kb5 Ke3 62. Rf7 Kd2 63. h4 Kc1 64. h5 Kb2 65. Kc4 Ka3 66. h6
Bb2 67. Rg7 Bc3 68. Rg8 1-0

[Event "Quebec op U2000"]
[Site "Laval CAN"]
[Date "2022.09.03"]
[Round "4.24"]
[White "Mangahas, Ronald"]
[Black "Forget, Luc"]
[Result "1-0"]
[WhiteElo "1842"]
[BlackElo "1905"]
[PlyCount "83"]
[EventDate "2022.09.01"]
[EventType "swiss"]
[EventRounds "9"]
[EventCountry "CAN"]

1. e4 d5 2. exd5 Qxd5 3. Nc3 Qd6 4. d4 Nf6 5. Bc4 c6 6. Nge2 e5 7. dxe5 Qxe5 8.
O-O Bc5 9. Bf4 Qh5 10. Bd6 Be6 11. Bxe6 fxe6 12. Re1 Nbd7 13. Nf4 Qxd1 14.
Raxd1 Bxd6 15. Rxd6 O-O 16. Rdxe6 Rf7 17. f3 Nc5 18. Re7 Rd8 19. R1e2 Kf8 20.
Rxf7+ Kxf7 21. Kf2 g5 22. Nh3 h6 23. Ke1 a5 24. Nf2 Nd5 25. Nxd5 Rxd5 26. Ne4
Nxe4 27. Rxe4 Kf6 28. h4 b5 29. Ke2 b4 30. g3 c5 31. h5 a4 32. Re8 c4 33. Rb8
c3 34. Rxb4 Rd2+ 35. Ke3 Rxc2 36. bxc3 Rxa2 37. Rb6+ Ke5 38. Rxh6 a3 39. Rg6
Ra1 40. Rxg5+ Kf6 41. Ra5 a2 42. Kf4 1-0

[Event "Quebec op U2000"]
[Site "Laval CAN"]
[Date "2022.09.03"]
[Round "4.25"]
[White "Brassard, Sylvain"]
[Black "Laughlin, Braden"]
[Result "0-1"]
[WhiteElo "1694"]
[BlackElo "1879"]
[PlyCount "82"]
[EventDate "2022.09.01"]
[EventType "swiss"]
[EventRounds "9"]
[EventCountry "CAN"]

1. d4 d5 2. Bf4 c5 3. e3 Nc6 4. c3 e6 5. Nd2 Nf6 6. Bd3 Bd6 7. Bxd6 Qxd6 8.
Ngf3 O-O 9. O-O h6 10. Re1 e5 11. dxe5 Nxe5 12. Nxe5 Qxe5 13. e4 dxe4 14. Nxe4
Nxe4 15. Bxe4 Qc7 16. Qf3 Rb8 17. Rad1 b6 18. Qg3 Qxg3 19. hxg3 Be6 20. Bd5
Bxd5 21. Rxd5 Rfd8 22. Red1 Rxd5 23. Rxd5 Rb7 24. Rd8+ Kh7 25. Kf1 Re7 26. Rd2
Kg6 27. Re2 Rd7 28. Ke1 Kf5 29. Rd2 Rxd2 30. Kxd2 Ke4 31. f3+ Kd5 32. Kd3 b5
33. g4 Ke5 34. Ke3 g5 35. g3 f5 36. b3 b4 37. cxb4 cxb4 38. f4+ gxf4+ 39. gxf4+
Kf6 40. Kf3 fxg4+ 41. Kxg4 a5 0-1

[Event "Quebec op U2000"]
[Site "Laval CAN"]
[Date "2022.09.03"]
[Round "4.26"]
[White "Sekki, Abderaouf"]
[Black "Wang, Rachel"]
[Result "0-1"]
[WhiteElo "1951"]
[BlackElo "1726"]
[PlyCount "184"]
[EventDate "2022.09.01"]
[EventType "swiss"]
[EventRounds "9"]
[EventCountry "CAN"]

1. d4 d5 2. c4 dxc4 3. e4 e5 4. dxe5 Qxd1+ 5. Kxd1 Nc6 6. f4 Bg4+ 7. Be2 O-O-O+
8. Bd2 Bxe2+ 9. Nxe2 Nb4 10. Rf1 Nd3 11. Kc2 b5 12. a3 Bc5 13. Rf3 Ne7 14. Nbc3
a6 15. Be3 Bxe3 16. Rxe3 Rhf8 17. Rd1 f5 18. exf6 Rxf6 19. Rf3 Rb6 20. Nc1 Nc6
21. Kb1 Nd4 22. Rff1 Nxc1 23. Kxc1 Rbd6 24. g3 Nb3+ 25. Kc2 Rd2+ 26. Rxd2 Rxd2+
27. Kb1 Rxh2 28. Rg1 Nc5 29. e5 Nd3 30. Nd1 Kd7 31. Ka2 c5 32. Kb1 b4 33. Ka2
b3+ 34. Ka1 Rc2 35. Ne3 Rxb2 36. Nxc4 Rc2 37. Rd1 Rc1+ 38. Rxc1 Nxc1 39. g4 Nd3
40. f5 Nf2 41. Ne3 c4 42. e6+ Ke8 43. Kb2 Nd3+ 44. Kc3 b2 45. Kc2 c3 46. Nd5
Ne5 47. g5 Nf3 48. f6 Nd4+ 49. Kxc3 b1=Q 50. Nc7+ Kd8 51. e7+ Kxc7 52. e8=Q
Nb5+ 53. Kd2 Qb2+ 54. Kd1 Qd4+ 55. Ke1 gxf6 56. Qe7+ Kc6 57. gxf6 Qh4+ 58. Kf1
Nd6 59. Qd8 Qf4+ 60. Ke1 Qe4+ 61. Kf1 Qf5+ 62. Kg1 h5 63. Qa8+ Kd7 64. Qh8 Ke6
65. f7 Qxf7 66. Qh6+ Kd7 67. Qe3 Qg6+ 68. Kf1 Qf5+ 69. Kg1 Qg4+ 70. Kh2 Qc4 71.
Qa7+ Ke6 72. Qe3+ Qe4 73. Qh6+ Kd5 74. Qd2+ Qd4 75. Qa5+ Ke4 76. Qxa6 Qf2+ 77.
Kh1 Nf5 78. Qc6+ Kf4 79. Qc4+ Kg5 80. Qg8+ Kh4 81. Qg2 Qe1+ 82. Kh2 Qe5+ 83.
Kh1 Ng3+ 84. Kh2 Ne2+ 85. Kh1 Nf4 86. Qf2+ Kg4 87. Qa2 Qe1+ 88. Kh2 Qg3+ 89.
Kh1 Nd3 90. Qe2+ Kf4 91. Qf1+ Ke3 92. Qg1+ Nf2+ 0-1

[Event "Quebec op U2000"]
[Site "Laval CAN"]
[Date "2022.09.03"]
[Round "4.27"]
[White "Di Matteo, Alessio"]
[Black "Adulfo, Vincent Angel"]
[Result "1-0"]
[WhiteElo "1909"]
[BlackElo "1654"]
[PlyCount "99"]
[EventDate "2022.09.01"]
[EventType "swiss"]
[EventRounds "9"]
[EventCountry "CAN"]

1. d4 Nf6 2. c4 e6 3. Nc3 Bb4 4. e3 O-O 5. Bd3 b6 6. Nge2 Bb7 7. a3 Bxc3+ 8.
Nxc3 d5 9. O-O Nbd7 10. cxd5 exd5 11. b4 Re8 12. Rb1 Ne4 13. Ne2 Ndf6 14. f3
Nd6 15. Qc2 Rc8 16. Ng3 a6 17. Re1 b5 18. Bd2 Nc4 19. Bxc4 dxc4 20. Ne2 Qd6 21.
e4 Nxe4 22. Bf4 Qg6 23. Be5 f6 24. Bf4 Qh5 25. fxe4 Bxe4 26. Ng3 Bxc2 27. Nxh5
Bxb1 28. Rxb1 Re2 29. Ng3 Ra2 30. Bc1 Re8 31. Kf1 f5 32. Bf4 Rxa3 33. Bxc7 Rb3
34. Rc1 Rc8 35. Bd6 c3 36. Nxf5 Re8 37. Bc5 Re6 38. g4 Rf6 39. Ke2 Rb2+ 40. Kd3
Rxh2 41. Rxc3 Rh3+ 42. Ne3 Rff3 43. d5 Kf7 44. Ra3 h5 45. gxh5 Rxh5 46. Rxa6
Rxd5+ 47. Ke4 Rxc5 48. bxc5 Rf6 49. Rb6 Ke7 50. Nd5+ 1-0

[Event "Quebec op U2000"]
[Site "Laval CAN"]
[Date "2022.09.03"]
[Round "4.29"]
[White "Sonko, Babacar"]
[Black "Moses, Neil"]
[Result "0-1"]
[WhiteElo "1653"]
[BlackElo "1485"]
[PlyCount "62"]
[EventDate "2022.09.01"]
[EventType "swiss"]
[EventRounds "9"]
[EventCountry "CAN"]

1. e4 c5 2. d4 cxd4 3. c3 dxc3 4. Nxc3 Nc6 5. Nf3 e6 6. Bc4 Bc5 7. O-O Nge7 8.
Qe2 a6 9. a4 O-O 10. Rd1 Qc7 11. Be3 Bxe3 12. Qxe3 f5 13. Rac1 fxe4 14. Nd4 d5
15. Ba2 Qe5 16. Nce2 Bd7 17. Rc3 Nxd4 18. Nxd4 Bxa4 19. Rdc1 Nc6 20. Nxc6 Bxc6
21. Rd1 Rad8 22. Rd4 Qf5 23. Rc5 Rf6 24. h3 Rdf8 25. Rd2 Qg6 26. Qd4 Qg5 27. b4
Rg6 28. g3 Rf3 29. h4 Qxh4 30. Qe5 Qh3 31. Rdxd5 Rgxg3+ 0-1

[Event "Quebec op U2000"]
[Site "Laval CAN"]
[Date "2022.09.03"]
[Round "4.30"]
[White "Rondon, Luciano"]
[Black "Giroux, Robert"]
[Result "0-1"]
[WhiteElo "1765"]
[BlackElo "1977"]
[PlyCount "62"]
[EventDate "2022.09.01"]
[EventType "swiss"]
[EventRounds "9"]
[EventCountry "CAN"]

1. e4 c6 2. d4 d5 3. Nc3 dxe4 4. Nxe4 Nf6 5. Nxf6+ exf6 6. Bc4 Bd6 7. Qe2+ Qe7
8. Qxe7+ Kxe7 9. Be3 Be6 10. Bb3 a5 11. Bxe6 fxe6 12. Nf3 Nd7 13. O-O Kf7 14.
Rad1 b5 15. Nd2 Nb6 16. Rc1 Rhc8 17. c4 Bb4 18. b3 Bxd2 19. Bxd2 a4 20. cxb5
cxb5 21. Rc5 axb3 22. axb3 Rxc5 23. dxc5 Nd5 24. Rc1 b4 25. c6 Ke7 26. Be3 Kd6
27. Kf1 Kc7 28. Bc5 Ra3 29. Bf8 g6 30. Rc4 Rxb3 31. Ke2 Rc3 0-1

[Event "Quebec op U2000"]
[Site "Laval CAN"]
[Date "2022.09.03"]
[Round "4.32"]
[White "Moisescu, George"]
[Black "Deschamps, Martin"]
[Result "0-1"]
[WhiteElo "1706"]
[BlackElo "1864"]
[PlyCount "114"]
[EventDate "2022.09.01"]
[EventType "swiss"]
[EventRounds "9"]
[EventCountry "CAN"]

1. d4 Nf6 2. Nf3 e6 3. e3 c5 4. c4 b6 5. Nc3 cxd4 6. Nxd4 Bb7 7. Nf3 Bb4 8. Bd2
O-O 9. a3 Be7 10. Be2 d5 11. cxd5 exd5 12. O-O Nc6 13. Be1 Re8 14. b4 a6 15.
Qb3 Qc7 16. Rc1 Rad8 17. Na4 b5 18. Nb2 Qb6 19. Bc3 Ne4 20. Rcd1 Nxc3 21. Qxc3
Bf6 22. Qc2 Rc8 23. Qb1 d4 24. e4 Rcd8 25. Bd3 g6 26. Rfe1 Ne5 27. Nxe5 Bxe5
28. f3 Qc7 29. h3 Bf4 30. Qc2 Be3+ 31. Kh1 Qg3 32. Rxe3 dxe3 33. Qe2 f5 34.
exf5 gxf5 35. Bxf5 Qf2 36. Bd3 Qxe2 37. Bxe2 Rd2 38. Rxd2 exd2 39. Bd1 Re1+ 40.
Kh2 Bd5 41. Kg3 Rf1 42. h4 Kg7 43. Kf4 Re1 44. g4 Bc4 45. h5 Be2 46. Ke3 Rxd1
47. Kxe2 Rb1 48. Nd1 Rb3 49. f4 Rxa3 50. Kxd2 Rb3 51. g5 Rf3 52. Ne3 Rxf4 53.
Kc3 Kf7 54. Nd5 Rc4+ 55. Kb3 Ke6 56. Ne3 Rh4 57. Ng2 Rh3+ 0-1

[Event "Quebec op U2000"]
[Site "Laval CAN"]
[Date "2022.09.03"]
[Round "4.33"]
[White "Arsenault, Alexis"]
[Black "Liu, Kevin"]
[Result "0-1"]
[WhiteElo "1554"]
[BlackElo "1809"]
[PlyCount "54"]
[EventDate "2022.09.01"]
[EventType "swiss"]
[EventRounds "9"]
[EventCountry "CAN"]

1. e4 c5 2. d4 cxd4 3. Nf3 Nc6 4. Nxd4 g6 5. Nc3 Bg7 6. Be3 Nf6 7. Bc4 Qa5 8.
O-O O-O 9. Bb3 d6 10. h3 Bd7 11. Kh1 Rfc8 12. Qe2 Nxe4 13. Nxe4 Nxd4 14. Bxd4
Bxd4 15. c3 Bg7 16. f4 d5 17. Rad1 Bb5 18. c4 dxc4 19. Bc2 c3 20. Bd3 Bxd3 21.
Rxd3 c2 22. Nc3 Bxc3 23. bxc3 Rxc3 24. Rxc3 Qxc3 25. Rc1 Rc8 26. Qxe7 Qd2 27.
Qa3 Re8 0-1

[Event "Quebec op U2000"]
[Site "Laval CAN"]
[Date "2022.09.03"]
[Round "4.34"]
[White "Baran, Marius"]
[Black "Page, Denis"]
[Result "1-0"]
[WhiteElo "1781"]
[BlackElo "1637"]
[PlyCount "117"]
[EventDate "2022.09.01"]
[EventType "swiss"]
[EventRounds "9"]
[EventCountry "CAN"]

1. d4 e6 2. c4 f5 3. Nc3 Nf6 4. Nf3 Be7 5. g3 O-O 6. Bg2 d6 7. O-O Ne4 8. Qc2
Nxc3 9. Qxc3 a5 10. b3 Nc6 11. e3 e5 12. dxe5 dxe5 13. Bb2 Bf6 14. Rad1 Qe7 15.
Qc1 Re8 16. Nd2 Nb4 17. Qa1 Ra6 18. Nf3 c5 19. a3 Nc6 20. Nd2 Nd8 21. Nb1 Nf7
22. Nc3 Be6 23. Nd5 Bxd5 24. Bxd5 Kf8 25. e4 f4 26. f3 fxg3 27. hxg3 Ng5 28.
Kg2 Ne6 29. Bxe6 Rxe6 30. Bc3 Qc7 31. Rd5 Rd8 32. Rfd1 Rxd5 33. Rxd5 b6 34. Qd1
Re7 35. Rd8+ Kf7 36. Qd5+ Kg6 37. Rd6 Qb7 38. Qxb7 Rxb7 39. f4 Kf7 40. Kf3 Be7
41. Rd5 exf4 42. gxf4 g6 43. f5 b5 44. Bxa5 bxc4 45. bxc4 Rb3+ 46. Kf4 Rxa3 47.
Bb6 g5+ 48. Ke5 Ra6 49. Bd8 Ra7 50. f6 Bxd8 51. Rxd8 g4 52. Kf5 g3 53. e5 Ra6
54. Rd7+ Ke8 55. Rg7 Ra2 56. Rxg3 Rf2+ 57. Ke6 Kd8 58. f7 Kc7 59. Ke7 1-0

[Event "Quebec op U2000"]
[Site "Laval CAN"]
[Date "2022.09.03"]
[Round "4.35"]
[White "Dupont-Mageau, Nicolas"]
[Black "Morin-Pare, Victor"]
[Result "1/2-1/2"]
[WhiteElo "1749"]
[BlackElo "1912"]
[PlyCount "33"]
[EventDate "2022.09.01"]
[EventType "swiss"]
[EventRounds "9"]
[EventCountry "CAN"]

1. e4 c6 2. d4 d5 3. e5 c5 4. Nf3 Bg4 5. c3 e6 6. Be2 Ne7 7. Nbd2 Nbc6 8. dxc5
Ng6 9. b4 Bxf3 10. Nxf3 Ngxe5 11. Nxe5 Nxe5 12. Bf4 Nc6 13. Bb5 Qf6 14. Bxc6+
bxc6 15. Qd4 Qxd4 16. cxd4 Be7 17. Ke2 1/2-1/2